000
00263nam a22001097a 4500
008
140206t xxu||||| |||| 00| 0 eng d
020
_a
978-81-8030-209-1
100
_a
S.K. Singh
_9
645
245
_a
A textbook of Molecular Genetics
300
4
_a
419
942
_2
ddc
_c
BK
999
_c
16907
_d
16907